La vecindad
Guardado en:
| Autor principal: | |
|---|---|
| Formato: | Libro |
| Lenguaje: | español |
| Publicado: |
Santiago
Jurídica de Chile
1952
|
| Colección: | Cartillas, 2
|
| Materias: | |
| Etiquetas: |
Agregar Etiqueta
Sin Etiquetas, Sea el primero en etiquetar este registro!
|
MARC
| LEADER | 00000nam a2200000 a 4500 | ||
|---|---|---|---|
| 001 | UCT8841 | ||
| 003 | CL-VaPUC | ||
| 008 | 970326e19520000CL |||||||||||||||||spa|d | ||
| 082 | 0 | 4 | |a 346.83 |b PES |2 21 |
| 100 | |a Pescio Vargas, Victorio |e autor |9 327885 | ||
| 245 | 1 | 3 | |a La vecindad |
| 300 | |a 175 p | ||
| 942 | |c BK | ||
| 945 | |d 19970326 00:00:00 |a paguirre | ||
| 260 | |a Santiago |b Jurídica de Chile |c 1952 | ||
| 650 | 0 | |a Derecho civil |9 255013 | |
| 650 | 7 | |a LEGISLACION |2 CL-VaPUC |9 380963 | |
| 650 | 0 | |a Propiedad |9 255268 | |
| 650 | 7 | |a SERVIDUMBRES |2 CL-VaPUC |9 256762 | |
| 650 | 0 | |a Servicios públicos |9 328528 | |
| 650 | 0 | |a Vecindario |9 375885 | |
| 651 | 7 | |a CHILE |2 CL-VaPUC |9 380965 | |
| 583 | |a last modification |c 19970326 00:00:00 |k Rodrigo Vera | ||
| 490 | 0 | |a Cartillas, 2 | |
| 999 | |c 257314 |d 257312 | ||
| 952 | |0 0 |1 0 |4 0 |6 346_830000000000000_PES_1952 |7 0 |8 A |9 280691 |a BIBDER |b BIBDER |d 2019-11-19 |i 1818503 |o 346.83 PES 1952 |p 1818503 |r 2023-01-25 |w 2019-11-19 |y BK |k DER | ||
| 952 | |0 0 |1 0 |4 0 |6 346_830000000000000_PES_1952 |7 0 |8 A |9 280692 |a BIBDER |b BIBDER |d 2019-11-19 |i 1846914 |o 346.83 PES 1952 |p 1846914 |r 2019-11-19 |w 2019-11-19 |y BK |k DER | ||
| 952 | |0 0 |1 0 |4 0 |6 346_830000000000000_PES_1952 |7 0 |8 A |9 280693 |a BIBDER |b BIBDER |d 2019-11-19 |i 4683617 |o 346.83 PES 1952 |p 4683617 |r 2023-01-25 |w 2019-11-19 |y BK |k DER | ||